|
|
|
|
| LEADER |
01160nam a2200337 a 4500 |
| 001 |
000617892 |
| 003 |
CZ BrMZK |
| 005 |
20130111095306.0 |
| 007 |
ta |
| 008 |
020820s2002 xr f cze d |
| 020 |
|
|
|a 80-7157-600-X
|
| 040 |
|
|
|a BOA001
|b cze
|
| 043 |
|
|
|a e-xr---
|
| 072 |
|
7 |
|a 371
|x Školství (organizace)
|2 Konspekt
|9 22
|
| 072 |
|
7 |
|a 37.016
|x Učební osnovy. Vyučovací předměty. Učebnice
|2 Konspekt
|9 22
|
| 080 |
|
|
|a 371
|2 MRF
|
| 080 |
|
|
|a 37.014.5
|2 MRF
|
| 080 |
|
|
|a (437.3)
|2 MRF
|
| 080 |
|
|
|a (075.8)
|2 MRF
|
| 100 |
1 |
|
|a Šrámek, Rudolf
|7 mzk2013741230
|4 aut
|
| 245 |
1 |
0 |
|a Pedagogika.
|n II. /
|c Rudolf Šrámek
|
| 250 |
|
|
|a 1. vyd.
|
| 260 |
|
|
|a Brno :
|b Mendelova zemědělská a lesnická univerzita,
|c 2002
|
| 300 |
|
|
|a 49 s. ;
|c 29 cm
|
| 504 |
|
|
|a Obsahuje bibliografii a bibliografické odkazy
|
| 650 |
0 |
7 |
|a školství
|7 ph116829
|z Česko
|2 czenas
|
| 650 |
0 |
7 |
|a vzdělávací politika
|7 ph127308
|z Česko
|2 czenas
|
| 655 |
|
7 |
|a učebnice vysokých škol
|7 fd133772
|2 czenas
|
| 910 |
|
|
|a BOA001
|b 4-1067.819,2
|
| 990 |
|
|
|a BK
|
| 996 |
6 |
|
|b 2610173489
|c 4-1067.819,2
|l MZK
|r Sklad / do 1 hodiny
|n 7
|p p.v.
|w 000617892
|u 000010
|a 1
|e BOA001
|j MZK50
|s P
|